000 00436nam a2200169Ia 4500
008 230711s9999||||xx |||||||||||||| ||und||
020 _a978-81-203-0929-6
041 _aENG
082 _a621
_bJA-F
100 _aJain,Anil K
245 0 _aFundamentals of digital image processing
250 _a1st Ed.
260 _c2008
_aNew Delhi
_bPHI Learning Private Limited
300 _a569
650 _aElectronics Engineering
942 _cBK
999 _c4869
_d4869